000 00507nam a2200097Ia 4500
008 180130s9999 xx 000 0 und d
245 _cKumar, Anand; Grupcev, Vladimir; Berrada, Meryem; Fogarty, Joseph C.; Tu, Yi-Cheng; Zhu, Xingquan; Pandit, Sagar A.; Xia, Yuni
_aDCMS: a data analytics and management system for molecular simulation
260 _c2016
300 _aBook title: Big data analytics : (database management systems)--Acession number C20736; pages 135-156
650 _aDATABASE MANAGEMENT SYSTEMS
999 _c354390
_d354390